Statistics for Baltimore Orioles Managers by Picture

Click here to take the quiz!

General Stats

  • This quiz has been taken 8 times
  • The average score is 7 of 43

Answer Stats

Answer% Correct
Buck Showalter
100%
Earl Weaver
100%
Frank Robinson
86%
Cal Ripken Sr.
71%
Davey Johnson
57%
Brandon Hyde
43%
Joe Altobelli
43%
Mike Hargrove
43%
Dave Trembley
29%
Hank Bauer
29%
Lee Mazzilli
29%
George Sisler
14%
Juan Samuel
14%
Ray Miller
14%
Rogers Hornsby
14%
Sam Perlozzo
14%
Allen Sothoron
0%
Bill Killefer
0%
Billy Hitchcock
0%
Bobby Wallace
0%
Branch Rickey
0%
Dan Howley
0%
Fielder Jones
0%
Fred Haney
0%
Gabby Street
0%
George Stovall
0%
Hugh Duffy
0%
Jack O'Connor
0%
Jim Bottomley
0%
Jimmy Austin
0%
Jimmy Burke
0%
Jimmy Dykes
0%
Jimmy McAleer
0%
Johnny Oates
0%
Lee Fohl
0%
Luke Sewell
0%
Lum Harris
0%
Marty Marion
0%
Muddy Ruel
0%
Paul Richards
0%
Phil Regan
0%
Ski Melillo
0%
Zack Taylor
0%

Score Distribution

Percentile by Number Answered

Percent of People with Each Score

Your Score History

You have not taken this quiz